Guess The Female Pop Star By Their Initials - Statistics

General Stats
  • This quiz has been taken 101 times
  • The average score is 7 of 12
Answer Stats
Hint Answer % Correct
TS Taylor Swift
99%
SC Sabrina Carpenter
91%
OR Olivia Rodrigo
80%
AG Ariana Grande
66%
KP Katy Perry
61%
LG Lady Gaga
58%
TM Tate McRae
55%
GA Gracie Abrams
42%
BE Billie Eilish
41%
DL Dua Lipa
33%
CR Chappell Roan
28%
MC Miley Cyrus
26%
No matching quizzes found
Score Distribution
Percent of People with Each Score
Percentile by Number Answered
Your Score History
You have not taken this quiz